[Event "IND-chT (Women) 21st"]
[Site "Dharamshala"]
[Date "2024.03.29"]
[Round "1.1"]
[White "Gade, Sharanya"]
[Black "Jigna, Joshi"]
[Result "1-0"]
[WhiteElo "1728"]
[BlackElo "1610"]
[PlyCount "89"]
[EventDate "2024.03.29"]
[EventType "team-swiss"]
[EventRounds "7"]
[EventCountry "IND"]
[SourceTitle "CBM 219 Extra"]
[Source "ChessBase"]
[SourceDate "2024.05.31"]
[SourceVersion "1"]
[SourceVersionDate "2024.05.31"]
[SourceQuality "1"]
[WhiteTeam "Telangana (W)"]
[BlackTeam "Gujarat (W)"]
[WhiteTeamCountry "IND"]
[BlackTeamCountry "IND"]

1. d4 d5 2. c4 dxc4 3. Nf3 Nf6 4. Nc3 e6 5. e3 Be7 6. Bxc4 a6 7. 0-0 0-0 8. Qc2 Nc6 9. a3 b5 10. Bd3 Bb7 11. Ne4 h6 12. b4 Nd5 13. Rd1 Rc8 14. Bb2 Bd6 15. Qe2 Nce7 16. Nc5 Rb8 17. Ne5 Nf6 18. Bc2 Qc8 19. Ng4 Nxg4 20. Qxg4 f5 21. Qe2 Bc6 22. Rac1 Ng6 23. Qh5 Be8 24. Bb3 Nf4 25. Qf3 Bh5 26. Qxh5 Nxh5 27. Bxe6+ Qxe6 28. Nxe6 Rfc8 29. Rc6 Kf7 30. d5 a5 31. bxa5 b4 32. a4 Nf6 33. Bxf6 Kxf6 34. Nd4 g6 35. Nb5 Ke7 36. a6 Kd7 37. Rdc1 Re8 38. Nxd6 cxd6 39. Rc7+ Kd8 40. a7 Ra8 41. Rb7 b3 42. Rb1 Re7 43. Rb8+ Kc7 44. Rc1+ Kd7 45. Rxa8 1-0

[Event "IND-chT (Women) 13th"]
[Site "Goa"]
[Date "2015.02.26"]
[Round "7"]
[White "Sachdev, Tania"]
[Black "Jigna, Joshi"]
[Result "1-0"]
[WhiteElo "2404"]
[BlackElo "1534"]
[PlyCount "101"]
[EventDate "2015.02.20"]
[EventType "team-tourn"]
[EventRounds "7"]
[EventCountry "IND"]
[SourceTitle "CBM 165 Extra"]
[Source "ChessBase"]
[SourceDate "2015.04.21"]
[SourceVersion "1"]
[SourceVersionDate "2015.04.21"]
[SourceQuality "1"]
[WhiteTeam "Air India (W)"]
[BlackTeam "Gujarat State (W)"]
[WhiteTeamCountry "IND"]
[BlackTeamCountry "IND"]

1. d4 d5 2. c4 dxc4 3. Nf3 Nf6 4. e3 e6 5. Bxc4 c5 6. 0-0 Be7 7. Qe2 0-0 8. Rd1 Qc7 9. Nc3 a6 10. a4 cxd4 11. exd4 Nc6 12. h3 Na5 13. Ba2 Bd7 14. d5 Bb4 15. dxe6 Bxe6 16. Bxe6 fxe6 17. Na2 Nc6 18. Nxb4 Nxb4 19. Qxe6+ Kh8 20. Be3 Qf7 21. Qxf7 Rxf7 22. Rac1 Nc6 23. Rd6 h6 24. Rcd1 Rc8 25. R6d2 Re8 26. b3 b5 27. Rd6 Nb8 28. axb5 axb5 29. Rb6 Ne4 30. Rc1 Rfe7 31. Rxb5 Nd7 32. Rc7 Ndf6 33. Rxe7 Rxe7 34. Rb8+ Kh7 35. b4 Nd5 36. b5 Nec3 37. b6 Nxe3 38. fxe3 Kg6 39. b7 Nb5 40. Ne5+ Kh5 41. g4+ Kg5 42. h4+ Kf6 43. Rf8+ Kxe5 44. b8Q+ Nd6 45. Rd8 Re6 46. Qb2+ Kd5 47. Qb3+ Ke5 48. Qd3 Nb5 49. Qd5+ Kf6 50. Rf8+ Ke7 51. Qd8# 1-0

[Event "IND-chT (Women) 11th"]
[Site "Hyderabad"]
[Date "2013.02.20"]
[Round "1.1"]
[White "Gomes, Mary Ann"]
[Black "Jigna, Joshi"]
[Result "1-0"]
[WhiteElo "2394"]
[BlackElo "1578"]
[PlyCount "75"]
[EventDate "2013.02.20"]
[EventType "team-swiss"]
[EventRounds "7"]
[EventCountry "IND"]
[SourceTitle "CBM 153 Extra"]
[Source "ChessBase"]
[SourceDate "2013.04.22"]
[SourceVersion "1"]
[SourceVersionDate "2013.04.22"]
[SourceQuality "1"]
[WhiteTeam "Airports Authority (W)"]
[BlackTeam "Gujarat State (W)"]
[WhiteTeamCountry "IND"]
[BlackTeamCountry "IND"]

1. Nf3 Nf6 2. g3 e6 3. Bg2 d5 4. 0-0 Be7 5. b3 0-0 6. Bb2 c5 7. e3 Nc6 8. c4 dxc4 9. bxc4 Qc7 10. Qe2 Nd7 11. d4 cxd4 12. exd4 Bf6 13. Nbd2 Rb8 14. Ne4 Qd8 15. Rfd1 Be7 16. d5 exd5 17. cxd5 Nb4 18. d6 Bf6 19. Nxf6+ Nxf6 20. Bxf6 Qxf6 21. Rab1 Bg4 22. Rxb4 Rfe8 23. Rxb7 Rbd8 24. Re7 Kf8 25. Re1 Be6 26. Ne5 Rxd6 27. Rxe8+ Kxe8 28. Qb5+ Kf8 29. Qc5 Qe7 30. Nc6 Rxc6 31. Qxc6 Qd8 32. Qc5+ Kg8 33. Qxa7 g6 34. a4 Bb3 35. a5 Qd2 36. Qb8+ Kg7 37. Qe5+ Kf8 38. Qh8# 1-0